Harry Potter Trivia #I - Statistics

General Stats
  • This quiz has been taken 46 times
  • The average score is 7 of 15
Answer Stats
Hint Answer % Correct
The Patil twins are of this ethnicity Indian
88%
Curse that places the victim completely under the caster's control Imperio
85%
Nations that wins the 1994 Quidditch World Cup Ireland
80%
Dumbledores gift to Harry, on his first christmas in Hogwarts Invisibility cloak
76%
Durmstrang Head master (first name) Igor Karkaroff
73%
What line does Umbridge make Harry write onto his own hand? I must not tell lies
73%
What is engraved on the snitch, Dumbledore gives to Harry? I open at the close
54%
Resurrected dead corpse Inferi
44%
What does Florean Fortescue sell in Diagon Alley? Ice Cream
34%
What do you call what happened to the wands of Harry and Voldemort on the graveyard? Priori ___ Incantatem
29%
Draco is Head of this group founded by Umbridge Inquisitorial Squad
27%
Hogwarts librarian (first name) Irma Pince
24%
Spell that slows down or stops the target Impedimenta
20%
Spell that makes an object repel water and mist Impervius
20%
Female Bulgarian chaser at the Quidditch World Cup Clara Ivanova
12%
No matching quizzes found
Score Distribution
Percent of People with Each Score
Percentile by Number Answered
Your Score History
You have not taken this quiz